[Event "Belgrade"]
[Site "Belgrade"]
[Date "1993.??.??"]
[Round "2"]
[White "Bareev, Evgeny"]
[Black "Mozetic, Dejan"]
[Result "1-0"]
[WhiteElo "2660"]
[BlackElo "2580"]
[Annotator "Glatman,V"]
[PlyCount "55"]
[EventDate "1993.??.??"]
[EventType "tourn"]
[EventRounds "9"]
[EventCountry "YUG"]
[EventCategory "16"]
[SourceTitle "CBM 039"]
[Source "ChessBase"]
[SourceDate "1994.04.01"]
[SourceVersion "1"]
[SourceVersionDate "1994.04.01"]
[SourceQuality "1"]

1. d4 {Knaak} Nf6 2. c4 g6 3. Nc3 Bg7 4. e4 d6 5. h3 O-O (5... c5 6. d5 e5 7.
Bd3 Nh5 8. Nge2 Qf6 9. Nb5 Na6 10. Bd2 O-O $13 {Polgar,Z-Uhlmann,W/Aruba/1992/
1:0 (43) Inf 55/291/}) (5... e5 6. d5 a5 7. Bd3 Na6 8. Nge2 O-O 9. Bg5 Bd7 10.
O-O Qe8 11. Rc1 $14 {Chernin,A-Brunner,L/Buenos Aires/1992/ 1:0 (34) Inf 54/
575/}) 6. Bg5 Na6 $5 (6... c5 7. d5 e6 8. Bd3 exd5 9. exd5 Nbd7 10. f4 Qa5 $1
11. Kf2 h6 12. Bh4 a6 13. a4 Nh5 $1 $10 {Suba,M-Yrjela,J/Manila(ol)/1992/ 0:1 
(33) Inf 55/584/}) 7. Bd3 e5 8. d5 Qe8 9. g4 Kh8 (9... Nd7 $5 10. Nf3 (10. Nge2
f5 11. exf5 e4 12. Nxe4 (12. Bxe4 Ndc5 13. Bf3 gxf5 $44) 12... gxf5 13. gxf5
Ne5 $44) 10... f5 11. gxf5 gxf5 12. Rg1 Kh8 13. Nh4 Ndc5 14. Bc2 fxe4 15. Nxe4
Nxe4 16. Bxe4 Nc5 $10 {Daunovic,T-Kupreichik,V/JUG (tch)/1992/ 0:1 (24) Inf 55/
583/}) 10. Nge2 Ng8 11. Ng3 f5 $6 (11... f6 $5 12. Be3 Bh6 13. Qd2 Bxe3 14.
Qxe3 Nc5 15. Bc2 a5 $14) 12. exf5 e4 (12... gxf5 13. Bxf5 $16) 13. Ncxe4 gxf5 (
13... Bxb2 14. fxg6 hxg6 15. Rb1 Bc3+ 16. Kf1 Bg7 17. Kg2 $16) 14. gxf5 Bxf5
15. Be3 $16 {! Knaak} (15. Nxf5 Rxf5 16. Be3 Qe5 17. Qd2 Raf8 (17... Qxb2 18.
Qxb2 Bxb2 19. Rb1 Be5 20. Nxd6 $16) 18. O-O-O $16) 15... Bxe4 (15... Bxb2 $2 {
Knaak} 16. Nxf5 Rxf5 17. Rb1 Be5 18. Nxd6 $18) 16. Nxe4 Nb4 $6 (16... Bxb2 $5
17. Rb1 Bg7 18. Rxb7 Nc5 $5 19. Nxc5 dxc5 20. Rxc7 Qe5 21. Rxc5 Rae8 $44) 17.
Rg1 {! Knaak} Qe5 (17... Bxb2 18. Rb1 Nxd3+ $8 19. Qxd3 Bg7 20. Ng5 $16) 18. a3
Nxd3+ (18... Qxb2 {Knaak} 19. Rb1 Qxa3 20. Rb3 Qa5 21. Kf1 Nxd3 22. Qxd3 b6 (
22... Nf6 23. Rxg7 Kxg7 (23... Nxe4 24. Rxh7+ Kxh7 25. Qxe4+ Kg7 26. Bd4+ $18)
24. Bd4 $18) 23. Ra3 Qb4 24. Rxg7 $1 Kxg7 25. Bd2 $18) 19. Qxd3 Rae8 $6 (19...
Qf5 20. O-O-O Rae8 21. Ng5 $18) (19... h6 $5 $16) (19... Qxb2 {Knaak} 20. Rb1
Qe5 21. Ng5 Qc3+ 22. Ke2 Qxd3+ 23. Kxd3 b6 24. Ne6 Rf7 25. Rxg7 Rxg7 26. Bd4
$18) 20. Ng5 $18 Rf5 (20... Nf6 21. Ne6 Rf7 22. Nxg7 Rxg7 23. O-O-O $18) 21.
Ne6 Rxe6 22. dxe6 Ne7 23. Rg4 b6 24. Qc2 Qxb2 25. Qxb2 Bxb2 26. Rb1 Be5 27. Kd2
Ng6 $2 (27... Rf6 28. f4 $1) (27... h5 28. Rg5 $18) 28. Rxg6 $1 1-0

[Event "Interzonal-16"]
[Site "Biel"]
[Date "1993.??.??"]
[Round "2"]
[White "Bareev, Evgeny"]
[Black "Kozul, Zdenko"]
[Result "1-0"]
[WhiteElo "2660"]
[BlackElo "2595"]
[Annotator "Bareev,E"]
[PlyCount "95"]
[EventDate "1993.07.16"]
[EventType "swiss"]
[EventRounds "13"]
[EventCountry "SUI"]
[SourceTitle "CBM 037"]
[Source "ChessBase"]
[SourceDate "1993.12.01"]
[SourceVersion "1"]
[SourceVersionDate "1993.12.01"]
[SourceQuality "1"]

1. d4 Nf6 2. c4 g6 3. Nc3 Bg7 4. e4 d6 5. h3 O-O 6. Bg5 c6 7. Bd3 Qb6 8. Na4
Qa5+ 9. Bd2 Qc7 10. Nf3 e5 11. dxe5 (11. d5 b5 $10) 11... dxe5 12. O-O Rd8 13.
Qc2 b6 (13... c5 $5) 14. b4 Nbd7 15. Rfd1 Bb7 $2 (15... Nf8 $14) 16. c5 b5 17.
Nb2 Nf8 18. Bc3 Nh5 19. Bf1 Ne6 20. Rxd8+ $1 Rxd8 21. Nd3 Nd4 $2 (21... f6 $14)
22. Bxd4 exd4 23. e5 Bh8 (23... f6 24. g4 fxe5 25. gxh5 e4 26. Qb3+ Rd5 27. Nd2
exd3 28. Bg2 $16) 24. g4 Ng7 25. Ng5 Ne8 $2 (25... Ne6 26. Nxe6 fxe6 27. Re1
$16 (27. f4 {/\g5} g5 $1)) 26. e6 $1 f6 27. Nf7 Rb8 28. Re1 Qe7 29. f4 f5 30.
gxf5 Qh4 31. fxg6 hxg6 32. Qg2 Qf6 33. Nxh8 $1 Kxh8 34. Ne5 Ng7 35. Nxg6+ Kg8
36. Bd3 $2 (36. f5 d3 37. Bxd3 Qd4+ 38. Kh2 Qxd3 39. f6 $18) 36... Nxe6 37. h4
$1 Rd8 38. f5 Ng7 39. Qg5 $18 Qxg5+ 40. hxg5 Bc8 41. f6 Ne6 42. Ne7+ Kf7 43.
Bg6+ Kf8 44. Nxc8 Nxg5 45. Nxa7 Nf3+ 46. Kf2 Nxe1 47. Kxe1 Ra8 48. Nxc6 (48.
Nxc6 Ra6 49. Nb8 $18) 1-0

[Event "Linares 12th"]
[Site "Linares"]
[Date "1994.??.??"]
[Round "9"]
[White "Bareev, Evgeny"]
[Black "Gelfand, Boris"]
[Result "0-1"]
[WhiteElo "2685"]
[BlackElo "2685"]
[Annotator "Gelfand,B"]
[PlyCount "82"]
[EventDate "1994.02.??"]
[EventType "tourn"]
[EventRounds "13"]
[EventCountry "ESP"]
[EventCategory "18"]
[SourceTitle "CBM 040"]
[Source "ChessBase"]
[SourceDate "1994.06.01"]
[SourceVersion "1"]
[SourceVersionDate "1994.06.01"]
[SourceQuality "1"]

1. d4 Nf6 2. c4 g6 3. Nc3 Bg7 4. e4 d6 5. h3 O-O 6. Bg5 Na6 7. Bd3 e5 8. d5 c6
(8... Qe8) 9. Nge2 $146 (9. Qd2) 9... Nc5 10. Bc2 a5 11. Qd2 cxd5 12. exd5 $5 (
12. cxd5 Bd7 {/\ b5}) (12. Nxd5 Ncxe4 $1 13. Bxe4 Nxe4 14. Bxd8 Nxd2 15. Be7
Nxc4 16. Bxf8 Kxf8 $44) 12... Bd7 13. O-O Qb6 14. Ng3 $6 (14. Rab1 Qa6 15. b3
b5 16. cxb5 Bxb5 17. Nxb5 Qxb5 $15) (14. Be3 Qa6 (14... Nh5 $6 15. Ba4 $1) (
14... Rac8 15. a3 $1) 15. b3 (15. Bxc5 dxc5 16. b3 Ne8) 15... Rfc8 {/\ b5}) (
14. Kh1 $5 {/\ 15.f4 e4 15.f5|^} Rae8 $1 15. Be3 $5 (15. f4 e4 16. f5 Bxf5 17.
Rxf5 (17. Nd4 e3 $1) 17... gxf5 18. Nd4 e3 $1 19. Bxe3 Nfe4 20. Bxe4 Nxe4 21.
Nxe4 Rxe4 22. Nxf5 Qxb2 $17) 15... Qa6 16. b3 b5 17. Bxc5 dxc5 18. cxb5 Bxb5
19. Nxb5 Qxb5 $10) 14... Rfc8 (14... Qxb2 $2 15. Rfb1 Qa3 16. Qe1 $18) (14...
Ne8 $5 15. Be7 f5 16. Bxf8 Kxf8 $44) 15. Be3 Qa6 16. Qe2 (16. b3 b5 $5 (16...
Ne8 $5 17. a3 $140 a4 $1)) 16... Ne8 17. f4 f5 18. Nb5 (18. fxe5 dxe5 $1 (18...
Bxe5 19. Nxf5 gxf5 20. Bxf5 Bxf5 21. Rxf5 Ng7 22. Qg4 $40) 19. Nxf5 gxf5 20.
Bxf5 (20. Rxf5 $5) 20... Bxf5 21. Rxf5 Nd6 $1 22. Rg5 Nde4 $17) 18... Nc7 $6 (
18... a4 19. fxe5 dxe5 (19... Bxe5 20. Nxf5 gxf5 21. Bxf5 Bxf5 22. Rxf5 Ng7 23.
Qg4 $40) 20. Nxf5 gxf5 21. Rxf5 $5 $13) (18... exf4 19. Bxf4 (19. Rxf4 $5 Be5
20. Nd4) 19... Qb6 20. Kh2 Bxb5 21. cxb5 Nf6 22. Bxf5 $5 gxf5 23. Nxf5 $44) (
18... Bxb5 19. cxb5 Qb6 20. Bxf5 (20. Nxf5 $5 gxf5 21. Bxf5 Rc7 22. Be6+ Kh8
23. Rac1 $44) 20... gxf5 21. Nxf5 $44) (18... e4 $1 19. Nd4 Nd3 $1 20. b3 (20.
Bxd3 exd3 21. Qxd3 Qxc4 $15) 20... Nb4 $5 {/\ 21...Nd5! 22.cd5 Bd4; 21...a4=/+}
(20... b5 $5)) 19. a4 Nxb5 20. axb5 Qb6 21. fxe5 Bxe5 $6 (21... dxe5 $5 22.
Bxf5 gxf5 23. Nxf5 Bxf5 24. Rxf5 Rf8 $1 (24... Qg6 25. Rg5 $1 Qd3 26. Qf3 $44)
25. Rg5 Qd6 26. b4 Nb3 $15) 22. Bxf5 $1 gxf5 23. Nxf5 Bxf5 (23... Rf8 24. Nh6+
Kg7 25. Qh5 $18) 24. Rxf5 Rf8 25. Raf1 (25. Qg4+ Kh8 26. Raf1 Rxf5 27. Rxf5 Rg8
28. Qh5 Bg7 $1 29. Rf7 Qd8 {/\ Rf8, Qe8=/+}) 25... Bg7 $1 (25... Qc7 26. Bh6 $1
(26. b6 $6 Qe7 27. Bxc5 Rxf5 $1 28. Rxf5 Bd4+) 26... Rxf5 27. Rxf5 Kh8 28. Qf3
(28. Qh5 $2 Ne4 $1) 28... Rg8 29. Rf7 Qc8 30. Bf8 $1 b6 $2 31. Rxh7+ Kxh7 32.
Qh5#) 26. Rg5 $2 (26. Qg4 Rxf5 27. Rxf5 Qc7 28. Bd4 Kh8 (28... Rf8 $2 29. Bxg7
$18) 29. Rg5 $1 Rg8 30. Bf6 $1 Qf7 31. Rxg7 Rxg7 32. Qc8+ Qg8 33. Bxg7+ Kxg7
34. Qc7+ Qf7 35. Qxd6 $10) 26... Rxf1+ 27. Qxf1 Rf8 28. Rxg7+ (28. Qa1 Qc7 29.
Bd4 (29. b4 Ne4) 29... Rf7 (29... Nb3 $2 30. Bxg7 $1 $18) 30. b4 Nb3 $19) (28.
Qe2 Qd8 29. Rxg7+ Kxg7 30. Qg4+ Kh8 31. Bd4+ Rf6 32. Qf4 Kg7 33. Qg5+ Kf7 34.
Qh5+ Kf8 $19) 28... Kxg7 29. Bh6+ $6 (29. Bd4+ Kg8 30. Qe2 Qd8 31. Qg4+ Kf7 32.
Qh5+ Ke7 33. Qxh7+ Ke8 $1 (33... Rf7 $2 34. Bf6+ $1 $18) 34. b4 (34. Bxc5 dxc5
35. Qxb7 Qe7 $19) 34... axb4 35. Qg6+ Kd7 36. Bxc5 dxc5 37. Qe6+ Kc7 38. b6+
Kb8 39. Qe5+ Kc8 $19) 29... Kxh6 30. Qxf8+ Kg6 $19 31. Qg8+ Kf6 32. Qxh7 Ke5 $1
33. Kh2 Qd8 34. Qh5+ Kd4 35. Qg4+ Ne4 36. b3 Qf6 37. Qd1+ Kc5 38. Qe1 Qf4+ 39.
g3 Qf3 40. Qg1+ Nf2 41. Qc1 Qxb3 0-1

[Event "Olympiad-31"]
[Site "Moscow"]
[Date "1994.12.06"]
[Round "6.2"]
[White "Sokolov, Ivan"]
[Black "Thipsay, Praveen Mahadeo"]
[Result "1-0"]
[WhiteElo "2625"]
[BlackElo "2505"]
[Annotator "Dolmatov,S"]
[PlyCount "85"]
[EventDate "1994.12.01"]
[EventType "team-swiss"]
[EventRounds "14"]
[EventCountry "RUS"]
[SourceTitle "CBM 045"]
[Source "ChessBase"]
[SourceDate "1995.04.01"]
[SourceVersion "1"]
[SourceVersionDate "1995.04.01"]
[SourceQuality "1"]
[WhiteTeam "Bosnia&Herzegovina"]
[BlackTeam "India"]
[WhiteTeamCountry "BIH"]
[BlackTeamCountry "IND"]

1. d4 Nf6 2. c4 g6 3. Nc3 Bg7 4. e4 d6 5. h3 O-O 6. Be3 e5 7. d5 a5 (7... c6 8.
Bd3 b5 9. dxc6 bxc4 10. Bxc4 Nxc6 11. Nf3 Bb7 12. Nd2 Nd4 13. O-O Rc8 $10 {
Simic,R-Cvitan,O/YUG/1981/}) 8. Bd3 Na6 9. Nge2 (9. g4 $5) 9... Nc5 10. Bc2 c6
11. a3 cxd5 12. cxd5 Bd7 13. b4 Na6 14. Rb1 axb4 15. axb4 Nh5 16. Na4 $5 (16.
g4 $13 {Cramling,P-Kindermann,S/Dortmund/1986/}) 16... f5 17. exf5 Bxf5 $6 (
17... Bxa4 18. Bxa4 gxf5) (17... gxf5 $5 18. Nb6 $6 f4 19. Nxd7 fxe3 20. Nxf8
exf2+ 21. Kxf2 Qb6+ $40) 18. Nb6 Rb8 19. O-O Qh4 20. Bxf5 Rxf5 (20... gxf5 $5
21. f4 (21. Nd7 $6 f4 22. Nxf8 Rxf8 23. Bb6 f3 24. Ng3 Nf4 $1 $40) 21... Rbe8
22. Nc4 $14 exf4 23. Nxf4 Rxe3 24. Qxh5) 21. Nc3 Nf4 (21... Nxb4 22. Qa4 $1 $18
) 22. Qg4 $16 Qe7 23. Ne4 Nc7 24. Qd1 Kh8 25. b5 Rd8 26. Kh2 Rh5 27. Re1 Rf8
28. Qb3 Qh4 29. Bxf4 exf4 30. Qf3 Nxd5 31. Nc4 Qd8 (31... g5 32. Kg1 $16) 32.
Nexd6 Qd7 33. b6 (33. Rbd1 $6 Nc3 $10) 33... Qc6 34. Re6 Qd7 35. Ree1 (35. Rbe1
$2 Ne3) 35... Qc6 36. Rbd1 Qc5 37. Re6 Kg8 (37... Nxb6 $2 38. Nxb6 Qxb6 39.
Nf7+ $18) 38. Ne5 Nxb6 (38... Rxe5 39. Rxe5 Bxe5 40. Rxd5 Qc6 (40... Qxb6 $2
41. Nc4) 41. Ne4) 39. Nxb7 Qc8 $2 (39... Qb5 40. Nd6 $40) 40. Qb3 $18 Bxe5 (
40... Kh8 41. Nd6 $18) 41. Rc6+ Kh8 42. Rxc8 Nxc8 43. Nd8 1-0

[Event "Hoogovens"]
[Site "Wijk aan Zee"]
[Date "1997.02.02"]
[Round "13"]
[White "Yermolinsky, Alex"]
[Black "Piket, Jeroen"]
[Result "1-0"]
[WhiteElo "2630"]
[BlackElo "2640"]
[Annotator "Hazai,L"]
[PlyCount "83"]
[EventDate "1997.01.18"]
[EventType "tourn"]
[EventRounds "13"]
[EventCountry "NED"]
[EventCategory "16"]
[SourceTitle "CBM 057"]
[Source "ChessBase"]
[SourceDate "1997.04.01"]
[SourceVersion "1"]
[SourceVersionDate "1997.04.01"]
[SourceQuality "1"]

1. d4 Nf6 2. c4 g6 3. Nc3 Bg7 4. e4 d6 5. h3 O-O 6. Bg5 a6 {The idea of this
move is to prepare 7...c5 8.d5 b5 with Benko gambit type position. 6...c5 7.d5
a6 is answered by 8.a4. However I'd prefer the central strategy with 6...Na6 /
\ e5 or 6...c5 7.d5 e6.} 7. Bd3 (7. Qd2 c5 8. d5 b5 9. cxb5 axb5 10. Bxb5) 7...
c5 8. d5 b5 9. Nf3 $1 (9. cxb5 $2 {Accepting the pawn sacrifice runs into the
well known trap:} axb5 10. Nxb5 (10. Bxb5 Nxe4 $1) 10... Nxe4 $1 11. Bxe4 Qa5+
12. Nc3 Bxc3+ 13. bxc3 Qxc3+ 14. Bd2 (14. Kf1 Ba6+ 15. Ne2 Bxe2+ 16. Kxe2 Qe5
$19) 14... Qe5 $19) 9... bxc4 $6 (9... b4 10. Ne2 h6 11. Be3 e5 12. g4 h5 {
was the serious alternative.}) 10. Bxc4 Nbd7 11. O-O {Now White has the space
advantage, and Black cannot put pressure on the centre.} Rb8 12. b3 Ne8 13. Rc1
Nc7 14. Qe2 {against Nb5} Nb6 15. Rfd1 Nxc4 16. bxc4 $1 (16. Qxc4 $6 a5 $132)
16... Bd7 17. Bh4 {/\ e5} ({The immediate} 17. e5 {runs into} f6 $1 (17... Qe8
$2 18. exd6) 18. exd6 exd6 19. Bf4 Re8 20. Qd2 Rb6) 17... f6 {In the Benoni
positions it is very sad if Black has to defend himself against e5 like that.}
18. Rb1 Na8 19. Rxb8 Qxb8 20. Rb1 Qc7 21. Qb2 Qa5 {[#]} 22. Qb7 $1 {This
penetration secures White the advantage.} Bc8 $2 (22... Qxc3 23. Qxd7 $18) (
22... Nc7 $1 23. Qb6 (23. Rb6 Rc8) (23. Rb3 Rc8) 23... Qxb6 24. Rxb6 Rc8 25.
Bg3 Bh6 26. Ne2 Kf7 27. Bf4 Bxf4 28. Nxf4 $16) 23. Qxe7 $1 $18 Nb6 (23... Qxc3
24. Rb8 Qxc4 (24... Bxh3 25. Rb7 $1 f5 26. e5 Qa1+ 27. Kh2 Bxe5+ 28. Nxe5 Qxe5+
29. Qxe5 dxe5 30. Kxh3 $16) 25. Rxc8 Rxc8 26. Qe6+) 24. Bg3 Nxc4 25. Rb8 Qd8
26. Qxd8 Rxd8 27. Na4 Re8 28. Nb6 Nxb6 29. Rxb6 Rxe4 30. Bxd6 c4 $2 $138 (30...
Rb4 $142 31. Rxb4 (31. Rc6 Bb7 32. Rxc5 Rb5 $11) 31... cxb4 32. Bxb4 Kf7 {
Looks drawish.}) 31. Bb4 f5 $6 32. Rc6 Re8 (32... Bd7 33. Rc7) 33. Rxc4 Rd8 34.
Rc7 Bf6 35. Be7 Bxe7 36. Rxe7 a5 37. d6 Kf8 38. Rxh7 Be6 39. Ne5 Rxd6 40. Nxg6+
Kg8 41. Ra7 Bxa2 42. Rxa5 1-0

[Event "EU-chT (Men) 11th"]
[Site "Pula"]
[Date "1997.05.??"]
[Round "1.1"]
[White "Beliavsky, Alexander G"]
[Black "Stanec, Nikolaus"]
[Result "1-0"]
[WhiteElo "2665"]
[BlackElo "2460"]
[Annotator "Hazai,L"]
[PlyCount "93"]
[EventDate "1997.05.05"]
[EventType "team-swiss"]
[EventRounds "9"]
[EventCountry "CRO"]
[SourceTitle "CBM 057 Extra"]
[Source "ChessBase"]
[SourceDate "1997.05.01"]
[SourceVersion "1"]
[SourceVersionDate "1997.05.01"]
[SourceQuality "1"]
[WhiteTeam "Slovenia"]
[BlackTeam "Austria"]
[WhiteTeamCountry "SLO"]
[BlackTeamCountry "AUT"]

1. d4 Nf6 2. c4 g6 3. Nc3 Bg7 4. e4 d6 5. h3 O-O 6. Bg5 c5 (6... Na6) 7. d5 e6
8. Nf3 exd5 9. cxd5 Re8 10. Nd2 $4 {This is a serious blunder at first sight! 
[#]} (10. Bd3) 10... a6 $4 (10... Nxe4 $1 11. Bxd8 (11. Ncxe4 Qxg5) 11... Nxc3+
$19 {wins outright?}) 11. a4 $4 {Ignoring the threat again??} Nbd7 $4 (11...
Nxe4 $1 $19) 12. Be2 Rb8 13. O-O h6 14. Be3 g5 15. f4 gxf4 16. Bxf4 Ne5 17. Qe1
Nfd7 (17... Ng6 18. Bg3) 18. Qg3 Kh7 19. Bg4 Nxg4 20. Qxg4 Ne5 21. Qh5 Qf6 (
21... Ng6 22. Bxh6 $1 $18) 22. Bxe5 Qxe5 23. Qxe5 Bxe5 24. Rxf7+ Kg8 {[#]} 25.
Rc7 b5 (25... Bf6 26. Nc4 Bd8 27. Rxc8 $18) 26. axb5 axb5 27. Nf3 b4 (27...
Bxc3 28. bxc3 Rxe4 29. Raa7 $18) 28. Nd1 Bf6 (28... Bf4 29. Nf2 Be3 30. Raa7)
29. Rc6 Rxe4 (29... Rd8 30. e5 $1 Bxe5 31. Nxe5 dxe5 32. Rxc5) (29... Be7 30.
Nf2) 30. Rxd6 Be7 (30... Bg7 31. Rd8+) 31. Rxh6 Bb7 32. Rb6 Bf8 33. Nf2 $18
Ree8 34. Ng4 Bg7 35. Ra7 Bxd5 36. Rg6 Bf7 37. Nf6+ Kf8 38. Rxg7 Kxg7 39. Nxe8+
Rxe8 40. Ng5 Re1+ 41. Kf2 Rb1 42. Rxf7+ Kg6 43. h4 Rxb2+ 44. Kf3 c4 45. Rc7 c3
46. Rc6+ Kg7 47. h5 1-0

[Event "RUS-ch m5-8"]
[Site "Elista"]
[Date "1997.06.05"]
[Round "6.7"]
[White "Bareev, Evgeny"]
[Black "Svidler, Peter"]
[Result "0-1"]
[WhiteElo "2665"]
[BlackElo "2640"]
[Annotator "Svidler,P"]
[PlyCount "110"]
[EventDate "1997.05.19"]
[EventType "k.o."]
[EventRounds "6"]
[EventCountry "RUS"]
[SourceTitle "CBM 059"]
[Source "ChessBase"]
[SourceDate "1997.08.01"]
[SourceVersion "1"]
[SourceVersionDate "1997.08.01"]
[SourceQuality "1"]

1. d4 Nf6 2. c4 g6 3. Nc3 Bg7 4. e4 O-O 5. h3 d6 6. Bg5 Nbd7 7. Nf3 e5 8. d5 a5
9. Bd3 (9. a3 Nc5 10. b4 axb4 11. axb4 Rxa1 12. Qxa1 Nb3 13. Qd1 Nd4 14. Nxd4
exd4 15. Qxd4 h6 16. Bxf6 Bxf6 17. Qd3 Re8 18. Nb5 Qe7 $44) 9... Nc5 10. Bc2 c6
11. Qd2 cxd5 12. cxd5 (12. exd5 {Bareev-Gelfand (Linares 1994)}) 12... Bd7 13.
a4 Qb6 14. O-O Rfc8 15. Rfe1 Nb3 16. Bxb3 Qxb3 17. Ra3 Qb4 $11 18. Qc2 h6 19.
Bd2 (19. Be3 $2 Nxe4 20. Qxe4 Rxc3 $19) 19... Qc4 20. Be3 Qa6 21. Qe2 Nh5 $1
22. Rb3 Nf4 23. Qxa6 bxa6 24. Rb6 $6 Nd3 $1 25. Rb1 Bf8 $15 26. Rb7 Be8 27. Nd2
Nxb2 28. R7xb2 Rxc3 29. Rb8 Rc8 30. Rxa8 Rxa8 31. Nc4 Bxa4 32. Nxa5 Bb5 33. Rc1
Be7 34. Nb7 a5 35. Rc3 a4 36. Bc1 g5 37. Ba3 Ra6 38. Rc7 Kf8 39. Rc8+ Kg7 40.
Rc7 Kf6 (40... Kf8) 41. g3 $1 Rb6 42. f4 gxf4 43. gxf4 Bf8 44. fxe5+ Kxe5 45.
Rxf7 Kxe4 $2 (45... h5 $1 $15) 46. Nd8 Bc4 47. Rxf8 Rb3 48. Bxd6 Rxh3 $11 49.
Nb7 Bxd5 $2 (49... a3) 50. Nc5+ Kd4 51. Nxa4 Rf3 52. Rh8 Rf6 53. Bg3 Ra6 54.
Nb2 Ra1+ 55. Kh2 $4 (55. Kf2) 55... Rh1# 0-1

[Event "Presidents Cup "]
[Site "Elista"]
[Date "1998.05.15"]
[Round "3.4"]
[White "Bareev, Evgeny"]
[Black "Sakaev, Konstantin"]
[Result "1-0"]
[WhiteElo "2675"]
[BlackElo "2620"]
[Annotator "Hazai,L"]
[PlyCount "83"]
[EventDate "1998.05.07"]
[EventType "k.o."]
[EventRounds "6"]
[EventCountry "RUS"]
[SourceTitle "CBM 065"]
[Source "ChessBase"]
[SourceDate "1998.08.06"]
[SourceVersion "1"]
[SourceVersionDate "1998.08.06"]
[SourceQuality "1"]

1. d4 Nf6 2. c4 g6 3. Nc3 Bg7 4. e4 d6 5. h3 Nbd7 (5... O-O {is more flexible
waiting for White's next move.}) 6. Bg5 e5 7. d5 h6 8. Be3 {Now White has got,
what he wanted. Provoking h7-h6 weakens Black's >>, and nowadays in many lines
like this the experts prefer Na6 instead of Nd7.} (8. Bh4 $143 {because the
B's real /^ is c1-e3.} g5 9. Bg3 {Here the B is out of play, which is not
fully compensated by the weakening g6-g5. In comparision to the Petrosian
Variation h2-h3 is not useful.} Nc5 10. Qc2 Nh5 11. b4 Nd7 $13) 8... Nc5 (8...
O-O) 9. Qc2 (9. f3 $6 {weakens a whole bunch of squares on the >>.} Nh5) 9...
a5 (9... Nh5 $6 10. b4 Nd7 11. Rb1 {preparing against a7-a5.} a5 12. a3 axb4
13. axb4 O-O 14. Be2 Nf4 15. Bf3 f5 16. g3 $16) 10. Nge2 $1 (10. g4 O-O (10...
h5 $6 11. g5 Nh7 12. Nf3 O-O {soon or later Black has to castle >>.} 13. Rg1 {
fighting against the typical freeing move f7-f6.} Bd7 14. Nd2 Re8 $6 {This is
too passive.} ({Good or bad,} 14... f5 {has to be played here.}) 15. Nb3 Nxb3
16. axb3 Qc8 17. h4 Bg4 18. Rg3 {/\ f2-f3} Qb8 19. f3 Bc8 20. c5 $16 {
Dobosz-Kuntzig, Wuerzburg op.1991}) 11. O-O-O Nh7 {/\ f5}) (10. O-O-O Nh5 11.
g4 Nf4 12. Nge2 O-O 13. Nxf4 exf4 14. Bxf4 f5 15. gxf5 gxf5 16. Rg1 Kh8 $13) (
10. Be2 O-O 11. g4 c6 {Black prepares his counterplay on the <<, because White
want to castle long.} 12. O-O-O cxd5 13. cxd5 Bd7 $13) 10... Nh5 (10... O-O 11.
g4 Nh7 12. Ng3) 11. g3 f5 {[#]} (11... O-O 12. Qd2 Kh7 13. g4 Nf6 14. f3 $16 {
and Black is driven back completely.}) 12. Bxc5 $1 dxc5 13. exf5 gxf5 (13...
Bxf5 $2 {loses the vital e4 square, which is ideal for a blockading N.} 14. Ne4
Nf6 15. N2c3 $16) 14. g4 $1 {White wants to get control over the light squares.
} Nf4 15. Nxf4 exf4 16. O-O-O O-O 17. Bd3 f3 (17... fxg4 $2 18. hxg4 Bxg4 19.
Rdg1 {opens up the <->s for the white Rs.} Qd7 20. f3 $1 Bxf3 21. Rxh6 $18) 18.
gxf5 (18. Kb1 $1 {This prophylactic move was missed by White.} Qf6 (18... fxg4
$2 19. hxg4 Bxg4 20. Rdg1 Qd7 (20... h5 $2 21. Bh7+ Kh8 22. Rxg4 $1 hxg4 23.
Bf5+ Kg8 24. Be6+ $18) 21. Rh4 h5 (21... Bf5 22. Rxh6) 22. Bh7+ Kh8 23. Rgxg4
$1 $18) 19. Rdg1 $16) 18... Bxf5 $1 {White had to avoid this freeing move!} 19.
Rdg1 (19. Bxf5 $2 Qg5+ 20. Kb1 Qxf5 $11) 19... Qf6 20. Rg3 $16 {Black's
position is still awkward.} Bxd3 21. Qxd3 Rae8 22. Rhg1 Re7 23. Kc2 {The open
g <-> and the weakness of the light squares secure White the edge.} Kh8 24. Rg6
Qh4 ({The _|_ after} 24... Qd4 25. Qxd4 cxd4 (25... Bxd4 26. Rxh6+ Rh7 27.
Rxh7+ Kxh7 28. Ne4 $18) 26. Nd1 Kh7 (26... Re2+ 27. Kd3) 27. Kd3 $16 {/\ c5 is
not rosy either.}) 25. R1g3 a4 $2 (25... Qd4 26. Qxd4 $16) (25... b6 26. Re6 $1
(26. R6g4 Qh5 27. Ne4 Qe5 $132)) 26. a3 (26. Nxa4 $2 Re2+) 26... b5 27. cxb5 c4
28. Qd2 Rfe8 29. Kb1 $1 (29. Rxf3 Kh7 $1 30. Rgg3 (30. Rfg3 Bxc3 $1) 30... Bxc3
31. Qxc3 Qe4+ 32. Kc1 Qxd5 $13) 29... Qh5 (29... Re1+ $2 30. Ka2 R1e2 31. Nxe2
Rxe2 (31... fxe2 32. Rxg7 $1 e1=Q 33. Qxe1 $18) 32. Rxg7 $1 $18) 30. Ka2 Qf5
31. Rxg7 $1 $18 Rxg7 32. Qxh6+ Rh7 (32... Qh7 33. Qf6 Kg8 34. Qxf3 $18) 33. Qc6
Rf8 34. Qxc4 Qe5 35. Rg4 $1 Rxh3 36. Re4 Qg7 37. Rg4 Qf7 38. Qxa4 Rh2 39. Qe4
Qf5 40. Qd4+ Qf6 41. Qc5 Re8 42. Qxc7 1-0